| 000 | 00477nam a2200145Ia 4500 | ||
|---|---|---|---|
| 008 | 230312s9999||||xx |||||||||||||| ||und|| | ||
| 020 | _a9781285060033 | ||
| 082 |
_a005.8 _bNEL-G |
||
| 100 | _aSilva,Vladimir | ||
| 245 | 0 | _aPractical quantum computing for developers : programming quantum rigs in the cloud using Python, Quantum Assembly Language and IBM Qexperience | |
| 260 |
_bCengage _aUSA _c2016 |
||
| 300 | _a655 | ||
| 650 |
_aComputer _vElectronic evidence |
||
| 942 | _cBK | ||
| 999 |
_c18077 _d18077 |
||